Lets talk about Professionals and Hobbies (Запис № 285194)

МАРК-запис
000 -LEADER
fixed length control field 00758nam a22001577a 4500
041 ## - LANGUAGE CODE
Language code of text/sound track or separate title eng
080 ## - UNIVERSAL DECIMAL CLASSIFICATION NUMBER
Universal Decimal Classification number 82
090 ## - LOCALLY ASSIGNED LC-TYPE CALL NUMBER (OCLC); LOCAL CALL NUMBER (OCLC)
Local cutter number (OCLC) ; Book number/undivided call number, CALL (RLIN) KIP
100 ## - MAIN ENTRY--PERSONAL NAME
Personal name Kirilova, E. P.
245 ## - TITLE STATEMENT
Title Lets talk about Professionals and Hobbies
260 ## - PUBLICATION, DISTRIBUTION, ETC. (IMPRINT)
Place of publication, distribution, etc Москва
Name of publisher, distributor, etc Высшая школа
Date of publication, distribution, etc 1982
300 ## - PHYSICAL DESCRIPTION
Extent 221
520 ## - SUMMARY, ETC.
Summary, etc Пособие по английскому про профессии увлечения. Пособие разрабатывает малоосвященные в учебной литературе темы профессиональной деятельностии и отдыха современного человека.
-- Навчання, Англійська мова, Удосконалення
650 ## - SUBJECT ADDED ENTRY--TOPICAL TERM
Topical term or geographic name as entry element English Practice
942 ## - ADDED ENTRY ELEMENTS (KOHA)
Koha item type Книги
Фонди
Withdrawn status Lost status Source of classification or shelving scheme Damaged status Not for loan Home library Current library Date acquired Source of acquisition Cost, normal purchase price Total Checkouts Full call number Barcode Date last seen Price effective from Koha item type
    Universal Decimal Classification     ВІЛ - Відділ іноземн. літератури НБ ВІЛ - Відділ іноземн. літератури НБ 06/05/2014 Акт №01/14 10.00   82 215249 30/11/2021 06/05/2014 Книги